[Event "Cotswold Open 2025"]
[Site "?"]
[Date "2025.05.25"]
[Round "4.6"]
[White "Gillings, Matt"]
[Black "Homer, Stephen"]
[Result "1-0"]
[Annotator "Tipper,Dave"]
[WhiteElo "2045"]
[BlackElo "2080"]
[WhiteFideId "-1"]
[WhiteFideId "-1"]
[PlyCount "103"]
[GameId "2200181153106538"]
[SourceVersionDate "2025.06.08"]

{[%evp 0,103,17,25,0,11,10,7,77,8,14,7,13,-7,8,8,19,27,55,23,40,40,37,32,20,9,6,24,36,37,79,51,36,5,5,0,-19,-22,23,5,-24,-35,37,-142,-151,-309,-259,-323,-403,-339,-436,-363,-367,-359,-406,-369,-351,-356,-400,-315,-375,-313,-199,-215,-246,-210,-214,-231,-174,-118,-112,-187,-184,-282,-131,-229,-192,-254,0,-4,-128,2,4,-4,1,93,62,144,123,1,80,42,144,113,118,78,44,93,144,105,95,152,130,80,171,178]} 1. c4 e5 2. Nc3 Bb4 3. e4 Bxc3 4. dxc3 d6 5. Bd3 Nc6 6. Qc2 Nge7 7. Ne2 Ng6 8. Be3 Nh4 9. Rg1 Ng6 10. O-O-O Be6 11. Kb1 Qe7 12. Ng3 Nf4 13. c5 Nxd3 14. cxd6 cxd6 15. Qxd3 Rd8 16. Qb5 O-O 17. Nf5 Bxf5 18. exf5 Qd7 19. g4 d5 20. Rd2 d4 21. Rgd1 Qe7 22. cxd4 exd4 23. Bxd4 Qe4+ 24. Qd3 Rxd4 25. Qxe4 Rxe4 26. Rd7 Rxg4 27. Rxb7 h5 28. Rc7 Nd4 29. Rxa7 Nxf5 30. a4 Rg2 31. a5 Rxh2 32. a6 Rh4 33. Rb7 Ra4 34. a7 Nd4 35. Rc1 h4 36. Rcc7 Kh7 37. b3 Ra6 38. Rc4 Nf5 39. Rb8 Rxa7 40. Rxf8 g5 41. Rd8 Ra6 42. b4 Rg6 {Draw Offer} 43. Rd5 Rf6 44. Rd3 Nh6 45. b5 Rb6 46. Rb3 g4 47. Kb2 h3 48. Ka3 f6 49. Kb4 Kg6 50. Ka5 Re6 51. Rc1 Re2 52. b6 1-0

[Event "Cotswold Open 2025"]
[Site "?"]
[Date "2025.05.25"]
[Round "4.7"]
[White "Baer, Bruce"]
[Black "Fathallah, Joe"]
[Result "1/2-1/2"]
[WhiteElo "2058"]
[BlackElo "1960"]
[WhiteFideId "-1"]
[WhiteFideId "-1"]
[PlyCount "30"]
[GameId "2200176194863932"]
[SourceVersionDate "2025.06.08"]

1. Nf3 d6 2. d3 e5 3. e4 Nc6 4. c3 Nf6 5. g3 g6 6. Bg2 Bg7 7. O-O O-O 8. b4 a6 9. Nbd2 Nh5 10. a4 f5 11. exf5 Bxf5 12. Ne4 Qd7 13. Nh4 Bh3 14. Qb3+ Be6 15. Qc2 Bh3 1/2-1/2

[Event "Cotswold Open 2025"]
[Site "?"]
[Date "2025.05.25"]
[Round "4.8"]
[White "Varley, Joe"]
[Black "Bolt, Graham"]
[Result "1-0"]
[WhiteElo "2096"]
[BlackElo "1980"]
[WhiteFideId "-1"]
[WhiteFideId "-1"]
[PlyCount "93"]
[GameId "2200176912012098"]
[SourceVersionDate "2025.06.08"]

{[%evp 0,37,11,21,28,51,25,46,37,45,-19,28,76,65,46,60,35,40,65,79,74,92,67,78,93,78,88,59,75,32,101,122,121,121,116,0,-54,-199,-272,-238]} 1. e4 g6 2. d4 d5 3. exd5 Qxd5 4. Nc3 Qd8 5. Bc4 Nf6 6. Nf3 Bg7 7. O-O O-O 8. h3 c6 9. a4 b6 10. Qe2 Bb7 11. Re1 e6 12. Bg5 Qc8 13. Qe3 Nd5 14. Bxd5 exd5 15. Bh6 Nd7 16. Qf4 Qd8 17. Bg5 f6 18. Qd6 fxg5 19. Re7 Bc8 20. Qe6+ Kh8 21. Nxg5 Ne5 22. Rxg7 Bxe6 23. Rxh7+ Kg8 24. Rg7+ Kxg7 25. Nxe6+ Kg8 26. Nxd8 Nf3+ 27. gxf3 Raxd8 28. Kg2 Rde8 29. Rd1 Rf6 30. Rd3 Kg7 31. Re3 Rfe6 32. Nd1 c5 33. Rd3 c4 34. Re3 Kf6 35. Nc3 Rd8 36. f4 Rxe3 37. fxe3 a6 38. Kf3 Kf5 39. Nxd5 Rh8 40. e4+ Ke6 41. Kg4 Rb8 42. Kg5 Kf7 43. f5 gxf5 44. Kxf5 b5 45. a5 b4 46. e5 Rb5 47. e6+ 1-0

[Event "Cotswold Open 2025"]
[Site "?"]
[Date "2025.05.25"]
[Round "4.9"]
[White "Schell, Finn"]
[Black "Moldovan, Alexandru"]
[Result "1-0"]
[WhiteElo "2149"]
[BlackElo "1894"]
[WhiteFideId "-1"]
[WhiteFideId "-1"]
[PlyCount "129"]
[GameId "2200383985779714"]
[SourceVersionDate "2025.06.08"]

{[%evp 0,110,17,22,-12,16,32,27,92,183,99,93,71,76,80,83,109,108,125,113,130,126,130,130,141,147,142,165,158,147,53,136,130,117,121,91,96,56,87,29,75,45,300,144,130,176,177,167,235,343,263,313,316,390,327,332,349,274,138,287,154,305,313,385,369,396,697,518,431,547,455,512,467,491,1071,535,410,428,374,471,481,421,434,561,513,649,543,698,456,669,663,657,651,675,628,686,686,607,652,709,709,737,770,775,1186,29976,1352,29972,29981,29982,29983,29984,29985]} 1. e4 e5 2. Nf3 Nf6 3. Nxe5 Nc6 4. Nxc6 dxc6 5. Nc3 Bc5 6. h3 Be6 7. d3 Qd7 8. Qe2 O-O-O 9. Be3 Bb4 10. Bd2 Rhe8 11. O-O-O Bxc3 12. Bxc3 Bxa2 13. b3 Kb8 14. Bxf6 gxf6 15. Kb2 Bxb3 16. Kxb3 f5 17. f3 fxe4 18. d4 f5 19. c3 b5 20. Qa2 c5 21. Be2 cxd4 22. Rxd4 Qe6+ 23. Kb2 Qb6 24. Rhd1 Rxd4 25. Rxd4 c5 26. Qf7 Rc8 27. Rd5 b4 28. cxb4 Qxb4+ 29. Kc2 Qa4+ 30. Kd2 Qb4+ 31. Ke3 exf3 32. Bxf3 f4+ 33. Qxf4+ Qxf4+ 34. Kxf4 c4 35. Rb5+ Kc7 36. Rc5+ Kd7 37. Rxc8 Kxc8 38. Ke4 Kd7 39. Kd4 Ke6 40. Kxc4 Kf6 41. Kb5 Kg7 42. Ka6 h6 43. Kxa7 Kf6 44. Kb6 Ke6 45. Kc5 Ke5 46. Kc4 Kf4 47. Kd4 Kf5 48. g3 Kg5 49. Ke5 Kg6 50. h4 Kg7 51. Bh5 Kg8 52. Kf6 Kh7 53. Kf7 Kh8 54. Bg6 h5 55. Bxh5 Kh7 56. Bd1 Kh6 57. g4 Kh7 58. g5 Kh8 59. h5 Kh7 60. Kf6 Kg8 61. h6 Kh8 62. g6 Kg8 63. g7 Kh7 64. Kf7 Kxh6 65. g8=R 1-0

[Event "Cotswold Open 2025"]
[Site "?"]
[Date "2025.05.25"]
[Round "4.10"]
[White "Sui, Yueyue"]
[Black "Hill, Andy"]
[Result "0-1"]
[WhiteElo "1824"]
[BlackElo "2037"]
[WhiteFideId "-1"]
[WhiteFideId "-1"]
[PlyCount "98"]
[GameId "2200384531289290"]
[SourceVersionDate "2025.06.08"]

1. d4 Nf6 2. c4 g6 3. Nc3 Bg7 4. e4 d6 5. Nf3 O-O 6. Be2 Nbd7 7. O-O e5 8. dxe5 dxe5 9. Qc2 c6 10. h3 Qc7 11. Be3 Re8 12. Rfd1 Nh5 13. Ne1 Nf4 14. Nd3 Ne6 15. Bg4 Nd4 16. Qc1 Nf8 17. Bxc8 Raxc8 18. Ne1 Nfe6 19. Nc2 Qe7 20. f3 Red8 21. Rd2 a6 22. Ne2 Rd7 23. Qd1 Rcd8 24. Nc1 Nxf3+ 25. gxf3 Rxd2 26. Bxd2 Bh6 27. Nb3 Bxd2 28. Qe2 Bf4 29. Rd1 Rxd1+ 30. Qxd1 Qg5+ 31. Kh1 Qg3 32. Qe2 Qxh3+ 33. Kg1 Ng5 34. Ne1 Qg3+ 35. Kf1 Qh3+ 36. Kg1 Qd7 37. Nd3 Ne6 38. Kg2 Qe7 39. Qf2 Bh6 40. Qg3 f6 41. Qg4 Be3 42. Qg3 c5 43. Qe1 Bd4 44. Qa5 f5 45. Qd2 f4 46. Kf1 Be3 47. Qg2 Kg7 48. Nxe5 Qd6 49. Qe2 Qxe5 0-1

[Event "Cotswold Open 2025"]
[Site "?"]
[Date "2025.05.25"]
[Round "4.11"]
[White "Hatchett, Paul"]
[Black "Lappin, Benjamin"]
[Result "1-0"]
[WhiteElo "1989"]
[BlackElo "1893"]
[WhiteFideId "-1"]
[WhiteFideId "-1"]
[PlyCount "73"]
[GameId "2200386314990800"]
[SourceVersionDate "2025.06.08"]

{[%evp 0,47,11,35,33,39,42,47,38,-10,-8,-29,13,18,22,17,27,27,48,48,42,62,44,29,44,14,32,41,41,42,3,3,-15,12,138,0,93,34,115,57,47,60,128,74,97,-43,58,35,58,48]} 1. d4 f5 2. Bg5 h6 3. Bh4 g5 4. e4 Bg7 5. Bg3 c5 6. Be5 Nf6 7. Bc4 e6 8. exf5 d5 9. Bb5+ Nc6 10. h4 g4 11. Nc3 O-O 12. Bxc6 bxc6 13. fxe6 cxd4 14. Qxd4 Qe7 15. O-O-O Bxe6 16. Nge2 Rab8 17. a3 Rbd8 18. b4 a5 19. Nf4 Bf5 20. f3 axb4 21. axb4 h5 22. Rhe1 Qf7 23. Nd3 Rfe8 24. f4 Re7 25. g3 Qg6 26. Qc5 Re6 27. Qa5 Rde8 28. Qa4 Ne4 29. Nxe4 Bxe4 30. Bxg7 Bxd3 31. Rxe6 Qxe6 32. Be5 Bb5 33. Qa7 Qf7 34. Qd4 Qf5 35. Re1 Ba4 36. Re2 Bb5 37. Bh8 1-0

[Event "Cotswold Open 2025"]
[Site "?"]
[Date "2025.05.25"]
[Round "4.12"]
[White "Ashworth, Robert"]
[Black "Kong, Emma"]
[Result "1-0"]
[WhiteElo "1979"]
[BlackElo "1659"]
[WhiteFideId "-1"]
[WhiteFideId "-1"]
[PlyCount "51"]
[GameId "2200388096771432"]
[SourceVersionDate "2025.06.08"]

{[%evp 0,51,11,21,22,26,27,20,52,24,24,54,38,39,33,-2,1,7,22,5,44,26,116,105,133,144,560,548,558,573,580,422,439,486,442,440,413,416,422,387,388,389,384,394,396,380,412,418,439,353,282,152,438,455]} 1. e4 c5 2. Nf3 g6 3. c4 Bg7 4. d4 cxd4 5. Nxd4 Nc6 6. Be3 Nf6 7. f3 O-O 8. Qd2 e6 9. Nc3 a6 10. Be2 e5 11. Nb3 Ne8 12. Nd5 Ne7 13. Bb6 Nc7 14. Bxc7 Qe8 15. Nxe7+ Qxe7 16. Bd6 Qh4+ 17. g3 Qh3 18. Bxf8 Bxf8 19. Bf1 Qh5 20. Bg2 d6 21. O-O Be6 22. Rac1 Rd8 23. Nc5 Bh6 24. f4 exf4 25. gxf4 Bc8 26. Nd3 1-0

[Event "Cotswold Open 2025"]
[Site "?"]
[Date "2025.05.25"]
[Round "4.13"]
[White "Lawrence, Spencer"]
[Black "Holmes, Matthew"]
[Result "0-1"]
[WhiteElo "1811"]
[BlackElo "1927"]
[WhiteFideId "-1"]
[WhiteFideId "-1"]
[PlyCount "114"]
[GameId "2203836098760947"]
[SourceVersionDate "2025.06.08"]

1. Nf3 d5 2. g3 c5 3. Bg2 Nf6 4. O-O e6 5. c4 d4 6. e3 Nc6 7. exd4 cxd4 8. d3 Bd6 9. Re1 O-O 10. Na3 Re8 11. Nc2 e5 12. a3 a5 13. Bd2 Bf5 14. Bf1 a4 15. Nh4 Bg4 16. Qb1 Nd7 17. b4 axb3 18. Qxb3 Nc5 19. Qb1 e4 20. Nb4 g5 21. Ng2 Ne5 22. Be2 Bxe2 23. Rxe2 exd3 24. Rxe5 Bxe5 25. Nxd3 Nxd3 26. Qxd3 Bg7 27. h4 h6 28. hxg5 hxg5 29. f4 gxf4 30. Nxf4 Qd6 31. Bb4 Qc6 32. Nd5 Rac8 33. Ne7+ Rxe7 34. Bxe7 Qxc4 35. Qxc4 Rxc4 36. Rb1 d3 37. Bg5 Bd4+ 38. Kf1 b6 39. Rb4 Rxb4 40. axb4 Bc3 41. b5 Kg7 42. Be3 Ba5 43. Kf2 Kf6 44. Bf4 Ke6 45. Ke3 d2 46. Ke2 Kd5 47. Be3 Kc4 48. Bxb6 Bxb6 49. Kxd2 Kxb5 50. Kd3 Kc5 51. Ke4 Kd6 52. Kf5 Ke7 53. g4 Kf8 54. Kg5 Kg7 55. Kh5 Kf6 56. Kh6 Be3+ 57. Kh5 Bd2 0-1

[Event "Cotswold Open 2025"]
[Site "?"]
[Date "2025.05.25"]
[Round "4.14"]
[White "Guilfoyle, John"]
[Black "Morrison, Joseph"]
[Result "0-1"]
[WhiteElo "1925"]
[BlackElo "1950"]
[WhiteFideId "-1"]
[WhiteFideId "-1"]
[PlyCount "72"]
[GameId "2203837452075546"]
[SourceVersionDate "2025.06.08"]

{[%evp 0,32,17,34,9,17,20,20,17,9,13,-34,7,2,4,9,11,17,13,10,6,0,25,9,21,31,30,82,67,69,118,20,89,101,82]} 1. d4 Nf6 2. c4 e6 3. Nc3 Bb4 4. e3 O-O 5. Bd3 d5 6. Nf3 c5 7. O-O cxd4 8. exd4 dxc4 9. Bxc4 b6 10. Bg5 Bb7 11. Qe2 h6 12. Bh4 Be7 13. Rfd1 Re8 14. Ne5 Nd5 15. Bg3 a6 16. Qh5 Rf8 17. Nxd5 Bxd5 18. Bf1 Nd7 19. Nxd7 Qxd7 20. Qg4 Bd6 21. Be5 Bxe5 22. dxe5 Qc7 23. Qg3 Rfc8 24. Bd3 b5 25. Qe3 Qb7 26. f3 Rc7 27. a3 Rac8 28. Rac1 Rxc1 29. Rxc1 Rxc1+ 30. Qxc1 Qb6+ 31. Kf1 g6 32. Ke2 Qd4 33. f4 Bxg2 34. b4 Bh3 35. Qe3 Bf1+ 36. Kf2 Qxd3 0-1

[Event "Cotswold Open 2025"]
[Site "?"]
[Date "2025.05.25"]
[Round "4.15"]
[White "Van Kemenade, Rudy"]
[Black "Kumar, Yuvraj"]
[Result "1-0"]
[WhiteElo "1936"]
[BlackElo "1855"]
[WhiteFideId "-1"]
[WhiteFideId "-1"]
[PlyCount "105"]
[GameId "2203839224845136"]
[SourceVersionDate "2025.06.08"]

1. d4 Nf6 2. c4 g6 3. Nc3 Bg7 4. e4 d6 5. h3 O-O 6. Be3 e5 7. d5 Nbd7 8. Bd3 a5 9. Nge2 Ne8 10. g4 Nc5 11. Bc2 h6 12. Qd2 Kh7 13. Ng3 Bd7 14. f3 Rh8 15. h4 Na6 16. a3 Nc5 17. h5 g5 18. Nf5 f6 19. Kf2 Bxf5 20. exf5 b6 21. b4 Nb7 22. Ba4 Bf8 23. Ne4 Be7 24. Bc6 Qc8 25. Rhb1 Rb8 26. Rb2 Nd8 27. Bb5 Ra8 28. Rab1 Kg7 29. Qc2 Rf8 30. Bd2 axb4 31. axb4 c6 32. dxc6 Nxc6 33. Be3 Rb8 34. Nc3 Na7 35. Qa4 Nxb5 36. Qxb5 Nc7 37. Qc6 Na6 38. Qe4 Nc7 39. Ra2 Qb7 40. Rba1 Qxe4 41. fxe4 Rb7 42. Ra7 Rfb8 43. Bxb6 Ne8 44. Nd5 Kf8 45. Rxb7 Rxb7 46. Ra8 Kf7 47. Ke2 Rd7 48. Kd3 Rb7 49. Kc2 Bf8 50. Kb3 Be7 51. Ka4 Bf8 52. Kb5 Rxb6+ 53. Kxb6 1-0

[Event "Cotswold Open 2025"]
[Site "?"]
[Date "2025.05.25"]
[Round "4.16"]
[White "Clarke, Ian"]
[Black "Tamilselvan, Tara"]
[Result "1-0"]
[WhiteElo "1925"]
[BlackElo "1868"]
[WhiteFideId "-1"]
[WhiteFideId "-1"]
[PlyCount "55"]
[GameId "2203841984095067"]
[SourceVersionDate "2025.06.08"]

1. Nc3 e5 2. Nf3 Nc6 3. d4 exd4 4. Nxd4 d5 5. Nxc6 bxc6 6. Qd4 Nf6 7. Bf4 Be7 8. O-O-O O-O 9. e4 c5 10. Qe3 d4 11. Qe1 Bd6 12. Bxd6 cxd6 13. Nd5 Nxd5 14. exd5 Bb7 15. c4 dxc3 16. Qxc3 Qg5+ 17. Qd2 Qg4 18. f4 Rfe8 19. Bb5 Re4 20. g3 Rd4 21. Qe3 Bxd5 22. Rhe1 h6 23. Rxd4 cxd4 24. Qxd4 Bxa2 25. Kd2 Qh5 26. Bd3 Qxh2+ 27. Re2 Qh5 28. Qe4 1-0

[Event "Cotswold Open 2025"]
[Site "?"]
[Date "2025.05.25"]
[Round "4.18"]
[White "Hammond, Matthew"]
[Black "Small, Edward"]
[Result "1/2-1/2"]
[WhiteElo "1893"]
[BlackElo "1842"]
[WhiteFideId "-1"]
[WhiteFideId "-1"]
[PlyCount "64"]
[GameId "2203844334089063"]
[SourceVersionDate "2025.06.08"]

1. c4 e5 2. Nc3 Nf6 3. g3 d5 4. cxd5 Nxd5 5. Bg2 Nb6 6. e3 Nc6 7. Nge2 h5 8. h3 Be6 9. d4 exd4 10. Bxc6+ bxc6 11. Nxd4 Bd7 12. Qf3 Rh6 13. e4 Rg6 14. Qxh5 Qe7 15. Bf4 O-O-O 16. Qa5 Kb7 17. Bxc7 Rc8 18. Bf4 Nc4 19. Qa4 Ne5 20. O-O-O c5 21. Qb3+ Rb6 22. Qd5+ Nc6 23. Ndb5 Be6 24. Nd6+ Ka8 25. Nxc8 Bxc8 26. Bd6 Qb7 27. Bxf8 Rxb2 28. Bxc5 Be6 29. Qd8+ Nxd8 30. Rxd8+ Bc8 31. Rxc8+ Qxc8 32. Kxb2 Qxc5 1/2-1/2

[Event "Cotswold Open 2025"]
[Site "?"]
[Date "2025.05.25"]
[Round "4.18"]
[White "Robinson, Adam"]
[Black "De Piro, Tristram"]
[Result "1-0"]
[WhiteElo "1896"]
[BlackElo "1902"]
[WhiteFideId "-1"]
[WhiteFideId "-1"]
[PlyCount "65"]
[GameId "2203843058336609"]
[SourceVersionDate "2025.06.08"]

1. e4 c5 2. Nf3 g6 3. c3 Bg7 4. d4 cxd4 5. cxd4 d5 6. e5 Nc6 7. Nc3 Nh6 8. Be2 O-O 9. O-O f6 10. exf6 Rxf6 11. Bg5 Rf8 12. Rc1 Nf7 13. Bh4 Bh6 14. Ra1 g5 15. Bg3 Bg7 16. Re1 e6 17. Bd3 Bd7 18. Bb1 Ne7 19. Qd3 Ng6 20. h4 gxh4 21. Nxh4 Nfh8 22. Ne2 Bb5 23. Qxb5 Nxh4 24. Nf4 Bxd4 25. Nxe6 Qf6 26. Nxf8 Rxf8 27. Qxd5+ Nf7 28. Bxh7+ Kxh7 29. Qh5+ Nh6 30. Qxh4 Qb6 31. Re7+ Kh8 32. Rae1 Rg8 33. R7e6 1-0

[Event "Cotswold Open 2025"]
[Site "?"]
[Date "2025.05.25"]
[Round "4.19"]
[White "Gartside, Carl"]
[Black "Poderico, Francesco"]
[Result "1-0"]
[WhiteElo "1884"]
[BlackElo "1761"]
[WhiteFideId "-1"]
[WhiteFideId "-1"]
[PlyCount "88"]
[GameId "2203845668328517"]
[SourceVersionDate "2025.06.08"]

1. Nc3 e6 2. d4 Bb4 3. Qd3 f5 4. g4 d5 5. gxf5 exf5 6. Nf3 Nf6 7. Bf4 Ne4 8. Ne5 Bxc3+ 9. bxc3 Qh4 10. Bg3 Nxg3 11. fxg3 Qe4 12. Qxe4 fxe4 13. e3 Be6 14. Rb1 b6 15. Bb5+ Bd7 16. Be2 Ba4 17. Kd2 Nd7 18. Nxd7 Bxd7 19. c4 c6 20. cxd5 cxd5 21. c4 Be6 22. cxd5 Bxd5 23. a3 Ke7 24. Rbc1 Kd6 25. Rhf1 Rhf8 26. h4 Rac8 27. Rxf8 Rxf8 28. Rf1 Rxf1 29. Bxf1 Be6 30. Kc3 Bg4 31. Bc4 Bh3 32. Kb4 Bd7 33. Kc3 Bg4 34. Bg8 h6 35. Bh7 Kd5 36. Bg8+ Kd6 37. Bf7 Be2 38. Bg6 Bd3 39. g4 a5 40. Bf7 Be2 41. g5 hxg5 42. hxg5 Bd3 43. Bc4 Bxc4 44. Kxc4 Kc6 1-0

[Event "Cotswold Open 2025"]
[Site "?"]
[Date "2025.05.25"]
[Round "4.20"]
[White "Smith, David"]
[Black "Van Kemenade, Julie"]
[Result "1-0"]
[WhiteElo "1859"]
[BlackElo "1710"]
[WhiteFideId "-1"]
[WhiteFideId "-1"]
[PlyCount "59"]
[GameId "2203874141980063"]
[SourceVersionDate "2025.06.08"]

1. c4 d6 2. g3 Nf6 3. Bg2 e5 4. Nc3 g6 5. d3 Bg7 6. e4 Nc6 7. Nge2 O-O 8. O-O Ne7 9. h3 Ne8 10. f4 c6 11. f5 gxf5 12. exf5 Bxf5 13. g4 Be6 14. Ne4 Ng6 15. N2g3 Qc7 16. Nh5 f6 17. Qd2 Rd8 18. b3 Qe7 19. Ba3 Qc7 20. Rf2 Rd7 21. Raf1 Rdf7 22. Bc1 Qe7 23. Qa5 b6 24. Qa4 Qd7 25. Bd2 d5 26. Neg3 Nh4 27. Nf5 Bxf5 28. gxf5 Qd6 29. c5 bxc5 30. Qxh4 1-0

[Event "Cotswold Open 2025"]
[Site "?"]
[Date "2025.05.26"]
[Round "5.1"]
[White "Norris, Zack"]
[Black "Ogunshola, Olugbemiga"]
[Result "1/2-1/2"]
[WhiteElo "2088"]
[BlackElo "2197"]
[WhiteFideId "-1"]
[WhiteFideId "-1"]
[PlyCount "26"]
[GameId "2203893996415800"]
[SourceVersionDate "2025.06.08"]

{[%evp 0,11,20,16,22,3,41,17,20,13,23,13,-54,-38]} 1. c4 Nf6 2. Nc3 g6 3. g3 Bg7 4. Bg2 O-O 5. e4 c5 6. Nge2 Nc6 7. O-O Ne8 8. d3 Nc7 9. Be3 Ne6 10. a3 d6 11. Rb1 Ned4 12. b4 Rb8 13. b5 Ne5 1/2-1/2

[Event "Cotswold Open 2025"]
[Site "?"]
[Date "2025.05.26"]
[Round "5.2"]
[White "Stubbs, Oliver"]
[Black "Spence, David"]
[Result "1/2-1/2"]
[Annotator "Tipper,Dave"]
[WhiteElo "2284"]
[BlackElo "2295"]
[WhiteFideId "-1"]
[WhiteFideId "-1"]
[PlyCount "85"]
[GameId "2203895224183853"]
[SourceVersionDate "2025.06.08"]

1. d4 e6 2. Nf3 Nf6 3. Bf4 b6 4. e3 Bb7 5. Bd3 c5 6. c3 Be7 7. h3 O-O 8. Nbd2 cxd4 9. exd4 d6 10. O-O Nbd7 11. Re1 h6 12. Bh2 a6 13. a4 Qc7 14. Nc4 Rfe8 15. Ne3 Bf8 16. Nd2 Rad8 17. Qb3 e5 18. Rad1 Qc6 19. Bf1 d5 20. Nf3 exd4 21. Nxd4 Qc8 22. Nef5 Ne4 {Draw offer} 23. Qc2 g6 24. Ne3 Ndf6 25. f3 Nc5 26. Ng4 Nxg4 27. hxg4 Bg7 28. Bg3 Rxe1 29. Rxe1 Qd7 30. Bh4 Re8 31. b3 Rxe1 32. Bxe1 Ne6 33. Nxe6 Qxe6 34. Bf2 Qc6 35. c4 d4 36. Qd2 Qc5 37. b4 Qd6 38. Bd3 Bc6 39. b5 axb5 40. cxb5 Bd5 41. a5 bxa5 42. Qxa5 Qc5 43. Qd2 1/2-1/2

[Event "Cotswold Open 2025"]
[Site "?"]
[Date "2025.05.26"]
[Round "5.3"]
[White "Ashworth, Michael"]
[Black "Gomez, Daniel"]
[Result "1-0"]
[WhiteElo "2194"]
[BlackElo "2124"]
[WhiteFideId "-1"]
[WhiteFideId "-1"]
[PlyCount "45"]
[GameId "2203901383560249"]
[SourceVersionDate "2025.06.08"]

1. d4 Nf6 2. c4 e6 3. Nf3 d5 4. Nc3 c6 5. Bg5 dxc4 6. e4 b5 7. e5 h6 8. Bh4 g5 9. Nxg5 hxg5 10. Bxg5 Nbd7 11. exf6 Qb6 12. g3 Bb7 13. Bg2 O-O-O 14. O-O c5 15. d5 b4 16. Rb1 Qa6 17. Qg4 bxc3 18. dxe6 Bxg2 19. exd7+ Rxd7 20. Kxg2 Bh6 21. bxc3 Qc6+ 22. Kg1 Rg8 23. Qf4 1-0

[Event "Cotswold Open 2025"]
[Site "?"]
[Date "2025.05.26"]
[Round "5.4"]
[White "Ashworth, Robert"]
[Black "James, Russell"]
[Result "1/2-1/2"]
[WhiteElo "1979"]
[BlackElo "2178"]
[WhiteFideId "-1"]
[WhiteFideId "-1"]
[PlyCount "149"]
[GameId "2204177816601235"]
[SourceVersionDate "2025.06.08"]

1. e4 c5 2. Nf3 e6 3. c3 d5 4. exd5 Qxd5 5. d4 Nf6 6. Na3 a6 7. Be3 cxd4 8. Nxd4 Nbd7 9. Nc4 Be7 10. Qf3 b5 11. Nd2 Bb7 12. c4 Qxf3 13. N4xf3 b4 14. Be2 Bc5 15. Bxc5 Nxc5 16. O-O O-O 17. Nd4 Rfd8 18. N4b3 Na4 19. Rab1 Rac8 20. Rfc1 Ne4 21. Nf1 Nec5 22. Nxc5 Nxc5 23. f3 a5 24. b3 g5 25. Kf2 f5 26. Rd1 Kf7 27. Ne3 Kf6 28. Nc2 e5 29. a3 Rxd1 30. Rxd1 Nxb3 31. axb4 axb4 32. Nxb4 Nd4 33. Rc1 f4 34. Bd3 g4 35. Be4 Bxe4 36. fxe4 Rb8 37. Rb1 Ke6 38. Rb2 Nc2 39. Rxc2 Rxb4 40. Ke2 Kd6 41. Rd2+ Kc5 42. Rd5+ Kxc4 43. Rxe5 Rb2+ 44. Kf1 Kd3 45. g3 f3 46. Ra5 Rxh2 47. e5 Re2 48. Ra7 h5 49. Ra5 Kd4 50. e6 Rxe6 51. Rxh5 Ke3 52. Ra5 Re4 53. Ra3+ Kd4 54. Ra4+ Kd5 55. Ra5+ Kc4 56. Ra4+ Kd3 57. Ra3+ Kc2 58. Ra5 Rd4 59. Rg5 Kd2 60. Ra5 Ke3 61. Re5+ Kd3 62. Ra5 Kc2 63. Rc5+ Kb3 64. Rg5 Ra4 65. Rg8 Kc3 66. Rg5 Kd3 67. Rg8 Ra1+ 68. Kf2 Ra2+ 69. Kf1 Rh2 70. Rd8+ Ke4 71. Rg8 f2 72. Rxg4+ Kf3 73. Rh4 Rxh4 74. gxh4 Kg4 75. Kxf2 1/2-1/2

[Event "Cotswold Open 2025"]
[Site "?"]
[Date "2025.05.26"]
[Round "5.5"]
[White "Hariharan, Shambavi"]
[Black "Hatchett, Paul"]
[Result "1/2-1/2"]
[WhiteElo "2149"]
[BlackElo "1989"]
[WhiteFideId "-1"]
[WhiteFideId "-1"]
[PlyCount "48"]
[GameId "2203903723068953"]
[SourceVersionDate "2025.06.08"]

1. d4 d5 2. c4 dxc4 3. Nf3 Nf6 4. e3 e6 5. Bxc4 c5 6. O-O Be7 7. Nc3 cxd4 8. exd4 O-O 9. a3 Nc6 10. Re1 a6 11. Ba2 h6 12. Be3 b5 13. Rc1 Bb7 14. Ne5 Rc8 15. h3 b4 16. Nxc6 Bxc6 17. axb4 Bxb4 18. Qe2 a5 19. Red1 Re8 20. d5 exd5 21. Nxd5 Bxd5 22. Rxc8 Qxc8 23. Bxd5 Nxd5 24. Rxd5 Bc5 1/2-1/2

[Event "Cotswold Open 2025"]
[Site "?"]
[Date "2025.05.26"]
[Round "5.6"]
[White "Hill, Andy"]
[Black "Schell, Finn"]
[Result "0-1"]
[WhiteElo "2037"]
[BlackElo "2149"]
[WhiteFideId "-1"]
[WhiteFideId "-1"]
[PlyCount "80"]
[GameId "2204177884197530"]
[SourceVersionDate "2025.06.08"]

1. Nf3 d5 2. d4 Nf6 3. e3 c5 4. c3 Nc6 5. Bd3 Bg4 6. h3 Bh5 7. Nbd2 e6 8. Qa4 Be7 9. Ne5 Qb6 10. Ndf3 Bxf3 11. Nxf3 O-O 12. O-O a6 13. Bd2 Qc7 14. Rac1 b5 15. Qd1 c4 16. Bb1 Rfb8 17. Re1 Ne4 18. Re2 a5 19. Be1 f5 20. Nd2 Nxd2 21. Bxd2 a4 22. a3 Rf8 23. f3 Rf7 24. Be1 Raf8 25. Bf2 Bd6 26. Qe1 Ne7 27. Rd1 Ng6 28. f4 Be7 29. g4 Qd8 30. g5 h6 31. h4 hxg5 32. hxg5 Bxg5 33. fxg5 Qxg5+ 34. Kh1 Qh5+ 35. Kg1 Rf6 36. Bg3 f4 37. exf4 Nxf4 38. Re3 Rh6 39. Bh4 Qg4+ 40. Bg3 Rh1+ 0-1

[Event "Cotswold Open 2025"]
[Site "?"]
[Date "2025.05.26"]
[Round "5.7"]
[White "Beaumont, Chris"]
[Black "Carey, Alex"]
[Result "1/2-1/2"]
[WhiteElo "2143"]
[BlackElo "2054"]
[WhiteFideId "-1"]
[WhiteFideId "-1"]
[PlyCount "102"]
[GameId "2204180376569812"]
[SourceVersionDate "2025.06.08"]

1. c4 c6 2. d4 d5 3. Nf3 e6 4. Qc2 Nf6 5. g3 Nbd7 6. Bg2 Be7 7. O-O b6 8. Nbd2 Bb7 9. e4 dxe4 10. Nxe4 c5 11. Nxf6+ Nxf6 12. dxc5 Bxc5 13. Rd1 Qc8 14. b4 Be7 15. Qa4+ Qc6 16. b5 Qc8 17. Ba3 Bxa3 18. Qxa3 Ne4 19. Ne5 Nc5 20. Nd3 Bxg2 21. Nxc5 Qxc5 22. Qxc5 bxc5 23. Kxg2 Ke7 24. Rab1 Rhd8 25. Rxd8 Rxd8 26. Rb3 Rd7 27. Ra3 Kd8 28. Ra6 Kc8 29. a4 Kb8 30. Rc6 Rc7 31. Rxc7 Kxc7 32. a5 a6 33. b6+ Kd6 34. Kf3 f6 35. h4 g6 36. g4 h6 37. Kf4 Kc6 38. h5 gxh5 39. gxh5 Kd6 40. Ke4 Kc6 41. Kf4 Kd6 42. Ke3 Kc6 43. Ke4 Kd6 44. f3 Kc6 45. f4 Kd6 46. f5 e5 47. Kd3 Kc6 48. Ke3 Kd7 49. Kd3 Kc6 50. Ke4 Kd6 51. Kd3 Kc6 1/2-1/2

[Event "Cotswold Open 2025"]
[Site "?"]
[Date "2025.05.26"]
[Round "5.8"]
[White "Fathallah, Joe"]
[Black "Varley, Joe"]
[Result "0-1"]
[WhiteElo "1960"]
[BlackElo "2096"]
[WhiteFideId "-1"]
[WhiteFideId "-1"]
[PlyCount "80"]
[GameId "2204183179381226"]
[SourceVersionDate "2025.06.08"]

1. d4 Nf6 2. c4 g6 3. h4 c5 4. d5 d6 5. Nc3 Bg7 6. e4 h5 7. Bg5 O-O 8. Be2 b5 9. cxb5 a6 10. Nh3 axb5 11. Bxf6 Bxf6 12. Bxb5 Qa5 13. Qd3 Na6 14. Bc4 Rb8 15. O-O Rxb2 16. Ne2 Rd2 17. Qg3 Bxa1 18. Rxa1 Qb4 19. Rc1 Bxh3 20. Bxa6 Rxa2 21. Bc4 Ra3 22. f3 Bd7 23. e5 dxe5 24. d6 e6 25. Qg5 Qb2 26. Qe7 Ra1 27. Rxa1 Qxa1+ 28. Kh2 Qa4 29. Bd3 Qc6 30. Be4 Qc8 31. Qf6 Qd8 32. Qxe5 Qxh4+ 33. Kg1 Qe1+ 34. Kh2 Qxe2 35. Qf6 Qd2 36. Qe7 Qf4+ 37. Kg1 Bb5 38. Kf2 Re8 39. Qb7 Qxd6 40. Qxb5 Rb8 0-1